Normal view
MARC view
- Pereyra, Carlos,
Entry Nombre Personal
001 - NUMERO DE CONTROL
- campo de control: 28610
003 - IDENTIFICADOR DE NUMERO DE CONTROL
- campo de control: DLC
005 - FECHA Y HORA DE LA ÜLTIMA TRANSACCIÓN
- campo de control: 20230303090434.0
008 - DATOS DE LONGITUD FIJA
- campo de control de longitud fija: 230303n| acannaabn |n aaa
010 ## - NÚMERO DE CONTROL DE LA BIBLIOTECA DEL CONGRESO
- Número de control LC: n 50009675
035 ## - NUMERO DE CONTROL
- Número de control: (OCoLC)oca00045191
040 ## - FUENTE DE CATALOGACIÓN
- Agencia original de catalogación: DLC
- Lenguaje de catalogación: spa
- Agencia de transcripción: DLC
- Agencia que lo modifica: OCoLC
- Agencia que lo modifica: MX-MxUPN
046 ## - FECHAS CON CODIFICACIÓN ESPECIAL
- Fecha de nacimiento: 1871
- Fecha de muerte: 1942
100 1# - ENCABEZAMIENTO - NOMBRE PERSONAL
- Nombre personal: Pereyra, Carlos,
- Fechas asociadas con el nombre: 1871-1942
370 ## - LUGAR ASOCIADO
- Place of birth: Saltillo, Coahuila (México)
- Place of death: Madrid, España
372 ## - CAMPO DE ACTIVIDAD
- Field of activity: Historia
373 ## - GRUPO ASOCIADO
- Associated group: Academia Mexicana de la Lengua
- Start period: 1933
- End period: 1942
374 ## - OCUPACIÓN
- Occupation: Abogado
- Occupation: Diplomático
- Occupation: Escritor
- Occupation: Historiador
670 ## - FUENTE EN LA QUE SE LOCALIZARON DATOS
- Cita de la fuente: En su obra: Documentos inéditos ó muy raros para la historia de Mexico, 1905.
670 ## - FUENTE EN LA QUE SE LOCALIZARON DATOS
- Cita de la fuente: En el sitio web Wikipedia, consultado marzo 03, 2023:
- Enlace: (Carlos Pereyra. Carlos Hilario Pereyra Gómez (Saltillo, Coahuila, 1871 - Madrid, España, 1942) fue un abogado, diplomático, escritor e historiador mexicano. Su formación corresponde cronológicamente a la corriente positivista de finales del siglo XIX, por lo que se denota esta influencia en su obra. Fue elegido miembro correspondiente de la Academia Mexicana de la Lengua.8 Fue miembro de la Academia Mexicana de la Historia, ocupó el sillón 23, de 1933 a 1942)
902 ## - CATALOGADOR
- Catalogador: NDAF/030323
